000 00422nam a2200169Ia 4500
005 20240823032847.0
008 240823s9999||||xx |||||||||||||| ||und||
041 _aENGLISH
082 _A629.222 P8
100 _aRobert Bosch Gmbh
245 0 _aSafety Comfort and Convenience Systems
250 _a1st
260 _c2008
_b#VALUE!
500 _aTRANSFERED
650 _aSafety
_bAutomobile Engineering
942 _cBK
999 _c194429
_d194429